| 000 | 00607cab a2200193 4500 | ||
|---|---|---|---|
| 001 | WB2840-17 | ||
| 008 | 090401t1992 xxu||||| |||| 00| 0 eng d | ||
| 035 | _a(Sirsi) u38926 | ||
| 041 | _aeng | ||
| 245 | _aDesigner homes for endangered bats | ||
| 260 | _c1992 | ||
| 350 | _a0 | ||
| 490 |
_aDaily Telegraph _v12 October 1992, 20(1) |
||
| 520 | _aFeatures Thames Water`s scheme for providing special housing for bats in the walls of waterside pumping stations, in an attempt to preserve endangered species. Diagram. | ||
| 650 | _aBATS | ||
| 690 | _aCONSERVATION | ||
| 942 | _n0 | ||
| 948 | _c04/03/1997 | ||
| 999 |
_c24960 _d24960 |
||